000 00641nam a22002297a 4500
999 _c30975
_d30975
005 20181218154319.0
010 _aENG-95151
020 _a9780070669116
_c325.00
020 _a0070669112
_c325.00
035 _aEN-78683, B-490490
037 _bDBAD/PUB
082 _a621.3815
100 _aJain, R.P.
245 _aModern digital electronics /
_cby R P Jain
250 _a4th ed.
260 _aNew Delhi
_bTata McGraw Hill Education
_c2010
270 _a7, West Patel Nagar
_bNew Delhi
_e110008
300 _axvi, 712 p.
_c24cm (Pbk)
500 _aIncludes index
942 _2ddc
_cEN
_mJAI
_h621.3815